000
00349nam a2200157Ia 4500
003
0STCL
008
150530s9999 xx 000 0 und d
040
_a
STCL
_c
STCL
100
_a
Nechaev, I.; Kinkead, B.; Tr
245
_a
Chemical elements
260
_c
0
546
_a
English
942
_2
ddc
_c
BK
999
_c
31809
_d
31809
005
20220125170230.0